Detalles MARC
| 000 -LEADER |
| campo de control de longitud fija |
02388cam a22004934i 4500 |
| 003 - IDENTIFICADOR DE NÚMERO DE CONTROL |
| campo de control |
PE-LiUPU |
| 005 - FECHA Y HORA DE LA ÚLTIMA TRANSACCIÓN |
| campo de control |
20250731183352.0 |
| 008 - DATOS DE LONGITUD FIJA--INFORMACIÓN GENERAL |
| campo de control de longitud fija |
140811s2014 pe r 000 0 spa d |
| 020 ## - NÚMERO INTERNACIONAL ESTÁNDAR DEL LIBRO |
| Número Internacional Estándar del Libro |
6124206447 |
| 020 ## - NÚMERO INTERNACIONAL ESTÁNDAR DEL LIBRO |
| Número Internacional Estándar del Libro |
9786124206443 |
| 035 ## - NÚMERO DE CONTROL DEL SISTEMA |
| Número de control de sistema |
(Sirsi) i9786124206443 |
| 040 ## - FUENTE DE CATALOGACIÓN |
| Centro catalogador/agencia de origen |
PUCPR |
| Lengua de catalogación |
spa |
| Centro/agencia transcriptor |
PUCPR |
| Centro/agencia modificador |
H7K |
| -- |
OCLCO |
| -- |
PE-LiUPU |
| Normas de descripción |
rda |
| 050 #4 - SIGNATURA TOPOGRÁFICA DE LA BIBLIOTECA DEL CONGRESO |
| Número de clasificación |
LE 67.1 |
| Número de ítem |
4.39.1 |
| 082 ## - NÚMERO DE LA CLASIFICACIÓN DECIMAL DEWEY |
| Número de clasificación |
720 |
| Cutter |
P7 |
| Número de edición |
20 |
| 110 2# - ENTRADA PRINCIPAL--NOMBRE DE ENTIDAD CORPORATIVA |
| Nombre de entidad corporativa o nombre de jurisdicción como elemento de entrada |
Pontificia Universidad Católica del Peru. |
| Unidad subordinada |
Facultad de Arquitectura y Urbanismo. |
| 9 (RLIN) |
534 |
| 245 10 - MENCIÓN DEL TÍTULO |
| Título |
Bases : |
| Resto del título |
de la materia a la metrópolis / |
| Mención de responsabilidad, etc. |
[Facultad de Arquitectura y Urbanismo ; edición, José Luis Villanueva ; fotografía, Luisa Yupa]. |
| 264 ## - PRODUCCIÓN, PUBLICACIÓN, DISTRIBUCIÓN, FABRICACIÓN Y COPYRIGHT |
| Producción, publicación, distribución, fabricación y copyright |
Lima : |
| Nombre del de productor, editor, distribuidor, fabricante |
Pontificia Universidad Católica del Perú, Oficina de Publicaciones de la Facultad de Arquitectura y Urbanismo, |
| Fecha de producción, publicación, distribución, fabricación o copyright |
2014. |
| 300 ## - DESCRIPCIÓN FÍSICA |
| Extensión |
303 páginas : |
| Otras características físicas |
ilustraciones ; |
| Dimensiones |
22 centímetros. |
| 336 ## - TIPO DE CONTENIDO |
| Término de tipo de contenido |
text |
| Fuente |
rdacontent |
| 337 ## - TIPO DE MEDIO |
| Nombre/término del tipo de medio |
unmediated |
| Fuente |
rdamedia |
| 338 ## - TIPO DE SOPORTE |
| Nombre/término del tipo de soporte |
volume |
| Fuente |
rdacarrier |
| 500 ## - NOTA GENERAL |
| Nota general |
En cubierta: FAU PUCP. |
| 500 ## - NOTA GENERAL |
| Nota general |
En solapa: 2013 |
| 505 8# - NOTA DE CONTENIDO CON FORMATO |
| Nota de contenido con formato |
Tema 1. Paisaje y materialidad -- Tema 2. Vivienda colectica -- Tema 3. Barrios y ciudades -- Tema 4. Lima metrópolis -- 10 años PUCP: la consolidación pedagógica de una escuela / Freddy Cooper. |
| 526 ## - NOTA DE INFORMACIÓN SOBRE EL PROGRAMA DE ESTUDIO |
| Nombre del programa |
Maestría Bim Facility Management (A distancia) |
| 526 ## - NOTA DE INFORMACIÓN SOBRE EL PROGRAMA DE ESTUDIO |
| Nombre del programa |
|
| 526 ## - NOTA DE INFORMACIÓN SOBRE EL PROGRAMA DE ESTUDIO |
| Nombre del programa |
Educación musical y artes |
| 526 ## - NOTA DE INFORMACIÓN SOBRE EL PROGRAMA DE ESTUDIO |
| Nombre del programa |
Educación, especialidad educación física |
| 526 ## - NOTA DE INFORMACIÓN SOBRE EL PROGRAMA DE ESTUDIO |
| Nombre del programa |
Arquitectura |
| 596 ## - |
| -- |
1 |
| 610 28 - PUNTO DE ACCESO ADICIONAL DE MATERIA--NOMBRE DE ENTIDAD CORPORATIVA |
| Nombre de entidad corporativa o nombre de jurisdicción como elemento de entrada |
Pontificia Universidad Católica del Perú. |
| Unidad subordinada |
Facultad de Arquitectura y Urbanismo |
| Subdivisión de forma |
Currículo. |
| 610 28 - PUNTO DE ACCESO ADICIONAL DE MATERIA--NOMBRE DE ENTIDAD CORPORATIVA |
| Nombre de entidad corporativa o nombre de jurisdicción como elemento de entrada |
Pontificia Universidad Católica del Perú. |
| Unidad subordinada |
Facultad de Arquitectura y Urbanismo |
| Subdivisión general |
Planes y programas. |
| 650 18 - PUNTO DE ACCESO ADICIONAL DE MATERIA--TÉRMINO DE MATERIA |
| Término de materia o nombre geográfico como elemento de entrada |
Arquitectura |
| Subdivisión general |
Estudio y enseñanza |
| Subdivisión geográfica |
Perú. |
| 650 28 - PUNTO DE ACCESO ADICIONAL DE MATERIA--TÉRMINO DE MATERIA |
| Término de materia o nombre geográfico como elemento de entrada |
Urbanismo$x-Estudio y enseñanza |
| Subdivisión geográfica |
Perú. |
| 650 28 - PUNTO DE ACCESO ADICIONAL DE MATERIA--TÉRMINO DE MATERIA |
| Término de materia o nombre geográfico como elemento de entrada |
Proyectos de arquitectura |
| Subdivisión geográfica |
Perú. |
| 650 28 - PUNTO DE ACCESO ADICIONAL DE MATERIA--TÉRMINO DE MATERIA |
| Término de materia o nombre geográfico como elemento de entrada |
Educación superior |
| Subdivisión general |
Estudio y enseñanza |
| Subdivisión geográfica |
Perú. |
| 650 28 - PUNTO DE ACCESO ADICIONAL DE MATERIA--TÉRMINO DE MATERIA |
| Término de materia o nombre geográfico como elemento de entrada |
Formación profesional |
| Subdivisión geográfica |
Perú. |
| 910 ## - DATOS DE OPCIÓN DEL USUARIO (OCLC) |
| Datos de opción del usuario |
jck |
| -- |
ebj |
| -- |
ebj |
| -- |
20160804 |
| 942 ## - ELEMENTOS DE ENTRADA SECUNDARIOS (KOHA) |
| Fuente del sistema de clasificación o colocación |
Clasificación Decimal Dewey |
| Tipo de ítem Koha |
|
| 949 ## - PROCESAMIENTO DE INFORMACIÓN LOCAL (OCLC) |
| a |
720 P7 |
| w |
DEWEY |
| c |
1 |
| i |
74240 |
| l |
CCODEBUL1 |
| m |
BUL |
| p |
30.00 |
| r |
0 |
| s |
Y |
| t |
BOOK |
| u |
2016-8-4 |
| x |
INGENIERIA |
| -- |
P06 |
| 0 |
COMPRA |
| o |
.STAFF. Colección General |
| 994 ## - |
| -- |
C0 |
| -- |
PEPRU |
| 999 ## - NÚMEROS DE CONTROL DE SISTEMA (KOHA) |
| -- |
DEWEY |
| -- |
74240 |
| -- |
2019-8-18 |
| -- |
2021-11-9 |
| -- |
7 |
| -- |
CCODEBUL1 |
| -- |
BUL |
| -- |
5 |
| -- |
30.00 |
| -- |
1 |
| -- |
0 |
| -- |
Y |
| -- |
BOOK |
| -- |
2016-8-4 |
| -- |
INGENIERIA |
| -- |
P06 |
| -- |
COMPRA |
| -- |
.STAFF. Colección General |
| 980 ## - EQUIVALENCIA O REFERENCIA-CRUZADA-MENCIÓN DE SERIE--NOMBRE DE PERSONA/TÍTULO [LOCAL, CANADÁ] |
| ID del último usuario que modificó el registro |
1 |
| Nombre del último usuario que modificó el registro |
ALBERTO SANCHEZ Responsable de Automatización |